000 00849nam0a2200277 4500
001 RU\NLR\ONL1\1895
005 20250613113602.0
035 _a(NLR Aleph) 009630650
090 _a9491245
_c9491245
100 _a20030918d1934 |||y0rusy50 ca
101 0 _achm
102 _aRU
105 _ay |||||||||
200 1 _aПэш эр у|дымо нэргэн
_fА. Бэльаэв
210 _aЙошкар-Ола
_cМаргосиздат
_d1934
215 _a44,[1] с.
_d17
541 1 _aО сверхраннем севе в Маробласти
_zrus
606 0 _aПосевные кампании
_91266562
_3RU\NLR\auth\66203050
686 1 _aП145
700 1 _aБеляев
_bА
_4070
801 0 _aRU
_bNLR
_c20030918
_gPSBO
852 _aNLR
_bОНЛ
_jМар.л./2-576
942 _cBOOK
980 _aNB